Ley reguladora del derecho de asilo

Guardat en:
Dades bibliogràfiques
Format: Llibre
Idioma:espanyol
Publicat: Bonn Inter Nationes 1994
Matèries:
Etiquetes: Afegir etiqueta
Sense etiquetes, Sigues el primer a etiquetar aquest registre!

MARC

LEADER 00000nam a2200000 a 4500
001 UCY8822
003 CL-VaPUC
008 950707e19940000GW |||||||||||||||||spa|d
082 0 4 |a 341.488  |b LEY  |2 21 
245 1 0 |a Ley reguladora del derecho de asilo 
246 1 0 |a Materiales sobre política y sociedad en la República Federal de Alemania 
300 |a 71 p 
942 |c BK 
945 |d 19950707 00:00:00  |a aalvarez 
260 |a Bonn  |b Inter Nationes  |c 1994 
650 0 |a Asilos   |9 508301 
650 0 |a Asilo político   |9 340540 
583 |a last modification  |c 19950707 00:00:00  |k Rodrigo Vera 
999 |c 236022  |d 236020 
952 |0 0  |1 0  |2 ddc  |4 0  |6 341_488000000000000_LEY_1994  |7 0  |8 A  |9 243829  |a BIBDER  |b BIBDER  |d 2019-11-18  |i 3095134  |o 341.488 LEY 1994  |p 3095134  |r 2023-01-25  |w 2019-11-18  |y MX  |k DER